00869cam a22002657a 4500003000500000005001700005008004100022010001000063011001000073022001400083035001000097040000900107082001600116100003000132245010500162260009500267300003100362410000900393490003300402650004600435650003500481650004500516810000900561830003300570CHAP20220329141912.0980512d1990 cr a r 00110 eng d a75505 a76477 a1011-7741 a86062 cCHAP04a681.763bT600aTorres Zorrilla, Jorge A.10aAgricultural modernization and resource deterioration in Latin Americac/by Jorge A. Torres Zorrilla aSan José, C. R. :bInstituto Interamericano de Cooperación para la Agricultura,c1994. a121 p. :bilus. ; gráfs.21aIICA 0aProgram papers series;v; 4514aAgriculturaxInnovaciones tecnológicas.14aAgriculturazAmérica Latina.14aPolítica agrícolazAmérica Latina.00aIICA00aProgram papers series;v; 45